[Event "POL-ch Academic"]
[Site "Chorzow"]
[Date "2022.04.01"]
[Round "1"]
[White "Smolka, Marcin"]
[Black "Brodacki, Rafal"]
[Result "1-0"]
[WhiteElo "2205"]
[BlackElo "1511"]
[PlyCount "87"]
[EventDate "2022.04.01"]
[EventType "swiss (rapid)"]
[EventRounds "9"]
[EventCountry "POL"]
[SourceTitle "EXT 2024"]
[Source "ChessBase"]
[SourceDate "2023.10.10"]
[SourceVersion "1"]
[SourceVersionDate "2023.10.10"]
[SourceQuality "1"]

1. e4 e5 2. Nf3 Nf6 3. Nc3 Nc6 4. a3 d5 5. Bb5 d4 6. Ne2 Bd6 7. Ng3 h5 8. h4 Bd7 9. d3 Ne7 10. Bc4 Bg4 11. Bg5 Ng6 12. Qd2 Qd7 13. Nh2 Be6 14. Bxe6 fxe6 15. c3 0-0-0 16. cxd4 exd4 17. f4 e5 18. f5 Ne7 19. 0-0 Nh7 20. Nxh5 Nxg5 21. Qxg5 Rdg8 22. Qg4 g6 23. Nf6 gxf5 24. Qxg8+ Rxg8 25. Nxd7 Kxd7 26. exf5 Nd5 27. Rf2 Nf4 28. Rd2 Rg3 29. Nf1 Rxd3 30. Rxd3 Nxd3 31. Nd2 Kc6 32. g4 Kd5 33. h5 Nf4 34. h6 Bf8 35. h7 Bg7 36. Kh2 e4 37. Kg3 Ne2+ 38. Kf2 Nf4 39. Kg3 Ne2+ 40. Kh4 e3 41. Nf3 d3 42. g5 d2 43. f6 Bh8 44. f7 1-0